| 000 -LEADER |
| fixed length control field |
00388cam a22001097a 4500 |
| 008 - FIXED-LENGTH DATA ELEMENTS--GENERAL INFORMATION |
| fixed length control field |
180718b xxu||||| |||| 00| 0 eng d |
| 082 ## - DEWEY DECIMAL CLASSIFICATION NUMBER |
| Classification number |
T19x8 Un3 |
| 245 ## - TITLE STATEMENT |
| Title |
Economic survey, Latin America |
| Statement of responsibility, etc. |
by Department of Economic and Social Affairs |
| 260 ## - PUBLICATION, DISTRIBUTION, ETC. |
| Place of publication, distribution, etc. |
New York |
| Name of publisher, distributor, etc. |
The author |
| Date of publication, distribution, etc. |
|
| 500 ## - GENERAL NOTE |
| General note |
Library has 1957, 1965, 1969-1971 |
| 700 ## - ADDED ENTRY--PERSONAL NAME |
| Personal name |
United Nations. Department of Economics and Social Affairs |